| 000 | 00613nam a22002057a 4500 | ||
|---|---|---|---|
| 005 | 20230131025759.0 | ||
| 008 | 230131b |||||||| |||| 00| 0 eng d | ||
| 020 | _a978-971-37-0474-0 | ||
| 082 | _aFil. 005.54 J49 2018 | ||
| 110 |
_aJemma Development Group _eauthor |
||
| 245 |
_aMicrosoft excel 2016 / _cJemma Development Group |
||
| 260 |
_aRizal, PH: _bJemma, _cc2018 |
||
| 300 |
_ax, 169p.: _bill. |
||
| 490 | _avisual guide | ||
| 504 | _aIncludes bibliographies | ||
| 541 | _e6970 | ||
| 650 | _aElectronic spreadsheet | ||
| 650 | _aMicrosoft excel (Computer file) | ||
| 650 | _aBusiness - Computer programs | ||
| 999 |
_c764 _d764 |
||